000 00468nam a2200169 4500
020 _a9788184316551
082 _a621.395 GOD
100 _aGodse, A.P.
245 _aDigital Principles and System Design
250 _a1st ed.
260 _aNew Delhi, India
_bTechnical Publications
_c2009
300 _aVarious pages.
_bill. ;
500 _aIncludes index.
650 _aDigital integrated circuits --Design and construction.
700 _aGodse, D.A.
942 _cBK
999 _c12345
_d12345